All Kash Doll Songs - Statistics

General Stats
  • This quiz has been taken 12 times
    9 since last reset
  • The average score is 41 of 53
Answer Stats
Album Song % Correct
Brat Mail Check
88%
Brat Mail Dancin
88%
Brat Mail Dividends
88%
Stacked Doin Too Much
88%
Single #4 For Everybody
88%
Stacked Ice Me Out
88%
Brat Mail Intro
88%
Brat Mail I Want
88%
Stacked KD Diary
88%
Stacked Kitten
88%
Stacked No Lames
88%
Stacked Paid B***hes
88%
Stacked Ready Set
88%
Brat Mail Rich Talk
88%
Brat Mail Serious
88%
Stacked So Amazing
88%
Brat Mail Thank You Bratz (Outro)
88%
Stacked 100 of Us
75%
The Vault All I Want
75%
The Vault Anybody
75%
Single #6 Bad Azz
75%
Single #7 Bossa Nova
75%
Stacked Buss It
75%
Stacked Cheap Sh*t
75%
Stacked Coastal Rota
75%
The Vault Crown
75%
Stacked Excuses
75%
Brat Mail Fastest Route
75%
Stacked Feel Something
75%
The Vault Here I Go
75%
Charlie's Angels: Original Motion Picture Soundtrack How It's Done
75%
Stacked Krazy
75%
The Vault Let's Get This Money
75%
Single #9 Like a Pro
75%
The Vault Love Song
75%
Stacked Mobb'n
75%
Stacked On Sight
75%
The Vault Out of Line
75%
The Vault Poppin (2018)
75%
Single #2 Run Me My Money
75%
Single #10 Single & Happy
75%
The Vault So Crazy
75%
The Vault Spend It All on Me
75%
The Vault Tell Me
75%
Single #8 Thumbin
75%
The Vault Waste Your Time
75%
The Vault Wish Me Well
75%
Single #3 Accurate
63%
Single His & Hers
63%
Space Jam: A New Legacy (Original Motion Picture Soundtrack) Hoops
63%
Single #5 Hustla
63%
The Vault Dancin' (Remix)
50%
The Vault F.W.U (Remix)
50%
No matching quizzes found
Score Distribution
Percent of People with Each Score
Percentile by Number Answered
Your Score History
You have not taken this quiz since the last reset